Formula 1 A-Z - Statistics

General Stats
  • This quiz has been taken 6,867 times
  • The average score is 15 of 26
Answer Stats
Letter Hint Answer % Correct
A three time World Champion, died in a tragic crash in Imola 1994 Ayrton Senna
97%
H Red Bull Team Principal Christian Horner
83%
D driver-adjustable bodywork which reduces drag located at the rear wing DRS
78%
N Carlos Sainz´s teammate in 2020 Lando Norris
78%
O new Renault driver in 2020 Esteban Ocon
72%
T Team which´s new name in 2020 will be Alpha Tauri Torro Rosso
71%
B famous one season wonder team, which won constructor and drivers titel Brawn GP
70%
Q session which decides the starting order of the race Qualifying
68%
R first name of the brother of the first 7 time world champion Ralf Schumacher
68%
J name a F1 Team starting with this letter Jaguar/Jordan/JBW
66%
M circuit which hosted the most F1 races Monza
64%
F two time World Champion, born in Sao Paulo 1946 Emerson Fittipaldi
59%
L three times world champion (two times Ferrari, one time McLaren) Niki Lauda
59%
U an intentional pitstop before your opponent, is called Undercut
59%
C Flag which ends every F1 session Checkered Flag
56%
E most famous Formula 1 corner Eau Rouge
52%
W F1 debut with Minardi, ended up at Red Bull Mark Webber
50%
I Race Track where only 6 cars would line up on the grid due to tire problems with teams using Michelin tires Indianapolis Motor Speedway
48%
P first name of the only Venezuelan race winner Pastor Maldonado
47%
V host country of a new F1 race in 2020 (which never happened Vietnam
46%
G first name of the second-most famous Austrian Ferrari driver Gerhard Berger
40%
X last letter of this Belgian F1 legend Jacky Ickx
38%
K only race track ever, which hosted an F1 race at this continent, except Ain-Diab Circuit Kyalami
30%
S famous first corner of the Monaco Street Circuit, named after the church Saint Devote
26%
Z Italian driver who lost his legs in a terrifying Champ Car crash Alessandro Zanardi
16%
Y Japanese F1 driver, raced between 2006 and 2010 Sakon Yamamoto
16%
No matching quizzes found
Score Distribution
Percent of People with Each Score
Percentile by Number Answered
Your Score History
You have not taken this quiz